| 000 | 00803cam a22002414a 4500 | ||
|---|---|---|---|
| 001 | 13546743 | ||
| 005 | 20250223113218.0 | ||
| 008 | 040402s2005 at a b 001 0 eng | ||
| 020 | _a140183700X (alk. paper) | ||
| 050 | 0 | 0 |
_aRJ101 _b.M347 2005 |
| 082 | 0 | 0 |
_a649/.1 _222 |
| 100 | 1 | _aMarotz, Lynn R. | |
| 245 | 1 | 0 |
_aHealth, safety, and nutrition for the young child / _cLynn R. Marotz, Marie Z. Cross, Jeanettia M. Rush. |
| 250 | _a6th ed. | ||
| 260 |
_aAustralia ; _aClifton Park, NY : _bThomson Delmar Learning, _cc2005. |
||
| 300 |
_axvii, 558 p. : _bcol. ill. ; _c25 cm. |
||
| 650 | 0 |
_aChildren _xHealth and hygiene. |
|
| 650 | 0 |
_aChildren _xNutrition. |
|
| 650 | 0 |
_aChildren's accidents _xPrevention. |
|
| 700 | 1 | _aCross, Marie Z. | |
| 700 | 1 | _aRush, Jeanettia M. | |
| 942 |
_2lcc _cBK _e6th ed. _n0 |
||
| 999 |
_c4176 _d4176 |
||